Don't Tell The Dog - James Marriott: All Songs - Statistics

General Stats
  • This quiz has been taken 21 times
  • The average score is 10 of 11
Answer Stats
Don't Tell The Dog % Correct
3 Plasticine
94%
1 Ventriloquist
94%
5 Food Poisoning
88%
7 I Don't Want To Live Like This
88%
4 It's Only Love
88%
11 Limbs
88%
9 Pillow Fight
88%
2 Something's Wrong
88%
8 How Could I Say No?
82%
6 Toothache
82%
10 Why Don't You Kill Me?
82%
No matching quizzes found
Score Distribution
Percent of People with Each Score
Percentile by Number Answered
Your Score History
You have not taken this quiz